| 000 | 01392nam a2200361 c 4500 | ||
|---|---|---|---|
| 003 | BLK | ||
| 005 | 20210601083446.0 | ||
| 008 | 180408b bul|||||r ||||||| ||bul|| | ||
| 010 | _aKNG00100007000 | ||
| 020 |
_a978-954-8055-27-7 _bиздат.: МОНТ |
||
| 040 | _aBLK | ||
| 041 |
_aBUL _cBUL |
||
| 072 | 7 |
_2bullib _aН83 _xЧужда художествена литература Н |
|
| 080 |
_aРуска литература _b821.161.1 _x-312.4 _z821.161.1-312.4 |
||
| 100 | 1 |
_aБрикер, Мария _eпърви автор _943304 |
|
| 700 | 1 |
_aЕвтимов, Иван _eпрев. от рус. _gИванов, Иван Евтимов _9366262 |
|
| 139 |
_aБрикер, Мария _bБ 81 |
||
| 245 | 1 | 0 |
_aИзискан адреналин _bРоман _cМария Брикер; прев. от рус. Иван Евтимов. |
| 257 | _aRUS | ||
| 260 |
_аСофия _bМОНТ _c2010 _fСофия : Инвестпрес |
||
| 300 |
_a336 с. _c20 см |
||
| 380 | _aX | ||
| 490 | 1 | _aReality Detective | |
| 500 | _aОриг. загл. Изысканный адреналин / Мария Брикнер. | ||
| 653 | _aкрими | ||
| 653 | _aромани | ||
| 659 | _aН | ||
| 852 | _aЦб 254769 | ||
| 856 | 4 |
_qpdf _u |
|
| 856 | 4 |
_qpdf _u |
|
| 942 |
_cKNG _n0 _09 |
||
| 944 |
_aCR _c06.04.2012 _lф / _kГеновева_Генчева |
||
| 944 |
_aED _c09.06.2017 _lф / _kЛюдмила_Стоянова |
||
| 999 |
_c95156 _d95156 |
||